Sports Quiz

Random Sports or WWE Quiz

History of the United States Championship Quiz Stats

 Plays Quiz not verified by Sporcle

Challenge
Share
Tweet
Embed
Score 0/130 Timer 10:00
0 Plays Today
Date Title Won Title Holder % Correct
July 29, 1977Ric Flair
91.4%
Apr. 9, 1978 Ric Flair
91.4%
Apr. 1, 1979Ric Flair
91.4%
Apr. 19, 1980Ric Flair
91.4%
July 7, 1996Ric Flair
91.4%
Aug. 9, 1999Chris Benoit
90.2%
Dec. 19, 1999Chris Benoit
90.2%
Aug. 21, 2005Chris Benoit
90.2%
Feb. 19, 2006Chris Benoit
90.2%
Oct. 10, 2006Chris Benoit
90.2%
Dec. 29, 1996Eddie Guerrero
87.9%
July 27, 2003Eddie Guerrero
87.9%
March 14, 2004John Cena
86.8%
Oct. 3, 2004John Cena
86.8%
Nov. 18, 2004John Cena
86.8%
July 5, 1999David Flair
85.1%
June 1, 2009Kofi Kingston
85.1%
Oct. 5, 2009The Miz
85.1%
June 14, 2010The Miz
85.1%
May 1, 2011Kofi Kingston
85.1%
Oct. 19, 2003Big Show
84.5%
March 18, 2001Booker T
83.3%
July 27, 2004Booker T
83.3%
Oct. 18, 2005Booker T
83.3%
Jan. 10, 2006Booker T
83.3%
Aug. 25, 1991Sting
82.2%
June 18, 1995Sting
82.2%
Nov. 12, 2001Edge
81%
Nov. 26, 1987Dusty Rhodes
80.5%
Jan. 11, 1993Dustin Rhodes
80.5%
Aug. 30, 1993Dustin Rhodes
80.5%
Dec. 27, 1993Steve Austin
80.5%
Sept. 18, 1994Steve Austin
80.5%
Apr. 20, 1998Goldberg
80.5%
Oct. 24, 1999Goldberg
80.5%
July 20, 1998Bret Hart
79.9%
Aug. 11, 1998Bret Hart
79.9%
Nov. 30, 1998Bret Hart
79.9%
Oct. 25, 1999Bret Hart
79.9%
May 17, 2010Bret Hart
79.9%
Feb. 21, 1999Scott Hall
79.3%
Nov. 8, 1999Scott Hall
79.3%
Oct. 22, 2001Kurt Angle
79.3%
April 27, 2008Matt Hardy
78.2%
Date Title Won Title Holder % Correct
June 19, 2011Dolph Ziggler
77.6%
May 20, 2007MVP
77%
March 17, 2009MVP
77%
Apr. 2, 2006John Bradshaw Layfield
76.4%
Jan. 16, 2012Jack Swagger
75.3%
Aug. 19, 2012Antonio Cesaro
74.7%
Jan. 1, 1975Harley Race
71.8%
July 11, 1987Lex Luger
71.8%
Feb. 20, 1989Lex Luger
71.8%
May 22, 1989Lex Luger
71.8%
Dec. 16, 1990Lex Luger
71.8%
Aug, 10, 1998Lex Luger
71.8%
Oct. 21, 1977Ricky Steamboat
71.3%
Dec. 30, 1978Ricky Steamboat
71.3%
Apr. 21, 1984Ricky Steamboat
71.3%
Aug. 24, 1994Ricky Steamboat
71.3%
March 5, 2012Santino Marella
71.3%
March 23, 1985Magnum T.A.
70.7%
Nov. 28, 1985Magnum T.A.
70.7%
March 16, 1997Dean Malenko
70.7%
Apr. 19, 1998Raven
70.7%
Dec. 28, 1997Diamond Dallas Page
70.1%
Oct. 26, 1998Diamond Dallas Page
70.1%
Oct. 5, 2004Carlito
69%
Apr. 11, 1999Scott Steiner
68.4%
Apr. 16, 2000Scott Steiner
68.4%
Sept. 19, 2010Daniel Bryan
67.8%
Feb. 5, 2001Rick Steiner
67.2%
July 11, 2006Finlay
67.2%
Jan. 27, 1981Roddy Piper
66.7%
Apr. 16, 1983Roddy Piper
66.7%
Feb. 8, 1999Roddy Piper
66.7%
July 18, 2000Lance Storm
66.7%
Sept. 23, 2000Lance Storm
66.7%
Nov. 13, 2000Lance Storm
66.7%
March 1, 2005Orlando Jordan
66.7%
Dec. 18, 2011Zack Ryder
66.7%
Dec. 27, 1994Vader
66.1%
May 23, 2006Bobby Lashley
66.1%
June 9, 1997Jeff Jarrett
65.5%
Dec. 20, 1999Jeff Jarrett
65.5%
Jan. 17, 2000Jeff Jarrett
65.5%
March 14, 2011Sheamus
63.8%
July 21, 1985Tully Blanchard
62.6%
Date Title Won Title Holder % Correct
May 24, 2010R-Truth
62.1%
Nov. 19, 1991Rick Rude
61.5%
July 20, 2008Shelton Benjamin
60.3%
Jan. 29, 1996Konnan
59.8%
July 24, 2001Kanyon
59.8%
Sept. 18, 1994Jim Duggan
58.6%
Aug. 29, 2006Mr. Kennedy
58.6%
Sept. 15, 1997Curt Hennig
58%
Nov. 4, 1982Greg Valentine
55.2%
Apr. 30, 1983Greg Valentine
55.2%
July 3, 1973Johnny Valentine
54.6%
Nov. 9, 1975Terry Funk
53.4%
Sept. 22, 2000Terry Funk
53.4%
Oct. 4, 1981Sgt. Slaughter
52.3%
June 7, 1982Sgt. Slaughter
52.3%
May 13, 1988Barry Windham
51.7%
Sept. 23, 2001Rhyno
51.7%
Aug. 17, 1986Nikita Koloff
50.6%
Aug. 8, 1981Wahoo McDaniel
50%
May 21, 1982Wahoo McDaniel
50%
Aug. 22, 1982Wahoo McDaniel
50%
June 24, 1984Wahoo McDaniel
50%
Oct. 7, 1984Wahoo McDaniel
50%
Aug. 21, 1997Steve McMichael
50%
Sept. 10, 2001Tajiri
48.3%
Oct. 29, 2000General Rection
47.7%
Nov. 26, 2000General Rection
47.7%
Jan. 14, 2001Shane Douglas
46.6%
Sept. 12, 1999Sid Vicious
46%
Sept. 1, 1979Jimmy Snuka
45.4%
Dec. 27, 1995One Man Gang
44.8%
Nov. 27, 1975Paul Jones
40.2%
Oct. 16, 1976Paul Jones
40.2%
May 7, 1989Michael Hayes
40.2%
Oct. 27, 1990Stan Hansen
39.1%
Nov. 13, 1995Kensuke Sasaki
38.5%
March 13, 1976Blackjack Mulligan
37.4%
Dec. 15, 1976Blackjack Mulligan
37.4%
Jan. 1, 1978Blackjack Mulligan
37.4%
July 7, 1977Bobo Brazil
32.8%
March 19, 1978Mr. Wrestling
32.8%
Dec. 14, 1983Dick Slater
29.9%

You're not logged in!

Compare scores with friends on all Sporcle quizzes.
OR
Log In

You Might Also Like...

Show Comments

Extras

Top Quizzes Today


Score Distribution

Your Account Isn't Verified!

In order to create a playlist on Sporcle, you need to verify the email address you used during registration. Go to your Sporcle Settings to finish the process.

Report this User

Report this user for behavior that violates our Community Guidelines.

Details: